International Encyclopedia of Composites. Volume 5

Gespeichert in:
Bibliographische Detailangaben
Format: Buch
Sprache:Englisch
Veröffentlicht: New York : VCH, 1991
Schlagworte:
Tags: Tag hinzufügen
Keine Tags, Fügen Sie das erste Tag hinzu!

MARC

LEADER 00000nam a22000003a 4500
001 stu44490
005 20141122042112.3
008 950407s1991----xxu-----------------eng-d
020 |a 0-89573-735-3 
040 |a STU  |b slo 
041 0 |a eng 
044 |a xxu 
080 |a 669.2/.8 
245 |a International Encyclopedia of Composites. Volume 5 
260 |a New York :  |b VCH,  |c 1991 
300 |a 548 s 
650 7 |a materiály kompozitné  |2 stusub 
650 7 |a kompozity  |2 stusub 
996 |b 284M025798  |c M*9063/5-1  |l MMKN  |s A  |a 24  |w stu44490_0001